000 00487nam a2200169 i 4500
001 36528
003 ES-MaACL
005 20230906155403.0
007 t|
008 030218s1969 sp ||||1| spa d
100 1 _aBrown, Claude.
_931981
245 1 4 _aLos hombres de la tierra prometida /
_cClaude Brown ; versión Ramón Alonso.
260 _aBarcelona :
_bCaralt,
_c[1969]
300 _a429 p. ;
_c20 cm.
700 1 _aAlonso, Ramón.
_920239
852 _aES-MaACL
_jC-35992
_bR.69630
999 _c36528
_d36528